| 000 | 00493cam a2200205ua 4500 | ||
|---|---|---|---|
| 020 | _c35.00 | ||
| 041 |
_aeng _h |
||
| 082 |
_a620.1 _bKHU/TE |
||
| 100 | _aKhurmi, R S. | ||
| 245 |
_aText book of applied mechanics / _cR S Khurmi. _hTextual Documents |
||
| 250 |
_a1 / _b. |
||
| 260 |
_aNew Delhi : _bS.Chand and Co , _c1984. |
||
| 300 | _a699 ; . | ||
| 365 | _a35.00 | ||
| 500 | _a** Reference | ||
| 504 | _a | ||
| 700 | 1 | _aLuthra, S P . | |
| 942 | _cBK | ||
| 999 |
_c8936 _d8936 |
||